书目信息 |
| 题名: |
比较教育学
|
|
| 作者: | 考恩 , 卡扎米亚斯 主编 ;彭正梅 , 周小勇 , 伍绍杨 译 | |
| 分册: | 上 | |
| 出版信息: | 上海 学林出版社 2024.06 |
|
| 页数: | 32,456页 | |
| 开本: | 26cm | |
| 丛书名: | ||
| 单 册: | ||
| 中图分类: | G40-059.3 | |
| 科图分类: | ||
| 主题词: | 比较教育学 | |
| 电子资源: | ||
| ISBN: | 978-7-5486-1996-3 | |
| 000 | 01228nam0 2200301 450 | |
| 001 | 013034576 | |
| 005 | 20251023093349.85 | |
| 010 | @a978-7-5486-1996-3@dCNY150.00 | |
| 100 | @a20240722d2024 em y0chiy0120 ea | |
| 101 | 1 | @achi@ceng |
| 102 | @aCN@b310000 | |
| 105 | @ay z 000yy | |
| 106 | @ar | |
| 200 | 1 | @a比较教育学@9bi jiao jiao yu xue@e回顾与展望@h上@dInternational handbook of comparative education@hPart 1@f(英)罗伯特·考恩(Robert Cowen),(美)安德里亚斯·卡扎米亚斯(Andreas M. Kazamias)主编@g彭正梅,周小勇,伍绍杨译@zeng |
| 210 | @a上海@c学林出版社@d2024.06 | |
| 215 | @a32,456页@d26cm | |
| 300 | @a世纪出版 | |
| 330 | @a本书包括四个部分:比较教育领域的创造和再造;政治形成和教育体系;国家、国际和全球教育发展;工业化、知识经济和教育。 | |
| 510 | 1 | @aInternational handbook of comparative education@hPart 1@zeng |
| 606 | 0 | @a比较教育学 |
| 690 | @aG40-059.3@v5 | |
| 701 | 0 | @c(英)@a考恩@9kao en@c(Cowen, Robert)@4主编 |
| 701 | 0 | @c(美)@a卡扎米亚斯@9ka zha mi ya si@c(Kazamias, Andreas M.)@4主编 |
| 702 | 0 | @a彭正梅@9peng zheng mei@4译 |
| 702 | 0 | @a周小勇@9zhou xiao yong@4译 |
| 702 | 0 | @a伍绍杨@9wu shao yang@4译 |
| 801 | 0 | @aCN@c20250911 |
| 905 | @a河南城建学院图书馆@dG40@eK318:1@ZK318:1@f1 | |
| 比较教育学:回顾与展望.上=International handbook of comparative education.Part 1/(英)罗伯特·考恩(Robert Cowen),(美)安德里亚斯·卡扎米亚斯(Andreas M. Kazamias)主编/彭正梅,周小勇,伍绍杨译.-上海:学林出版社,2024.06 |
| 32,456页;26cm |
| 世纪出版 |
| ISBN 978-7-5486-1996-3:CNY150.00 |
| 本书包括四个部分:比较教育领域的创造和再造;政治形成和教育体系;国家、国际和全球教育发展;工业化、知识经济和教育。 |
| ● |
| 相关链接 |
|
|
|
正题名:比较教育学
索取号:G40/K318:1
 
预约/预借
| 序号 | 登录号 | 条形码 | 馆藏地/架位号 | 状态 | 备注 |
| 1 | 1635613 | 216356137 | 社科库409/409社科库 1排1列4层/ [索取号:G40/K318:1] | 在馆 |